|
|
|
|
| LEADER |
00000nab a2200000 a 4500 |
| 001 |
vtls009167260 |
| 003 |
SK-MaSNL |
| 005 |
20260304153935.0 |
| 008 |
250507c1938 xo |r|p||||||||00 b|slo |
| 015 |
|
|
|a SNBRB2007/12
|2 snkbucl
|
| 035 |
|
|
|a (uuid)e9ca384d-d5ab-4deb-b375-3a76c7cbe0be
|
| 035 |
|
|
|a urn:nbn:sk:snk-ab1fgg
|
| 035 |
|
|
|a (urnnbn)urn:nbn:sk:snk:ar-00361y
|
| 038 |
|
|
|a SNKBUCL
|
| 040 |
|
|
|a SNKBUCL
|b slo
|c SNKBUCL
|e AACR2
|
| 041 |
0 |
|
|a slo
|
| 044 |
|
|
|a xo
|c SK
|
| 080 |
|
|
|a 811.162.4'367.623.6
|2 2001
|
| 080 |
|
|
|a 81'367.623.6:811.162.4
|2 2001
|
| 080 |
|
|
|a 811.162.4'373.611
|2 2001
|
| 100 |
1 |
|
|a Letz, Belo,
|d 1902-1971
|4 aut
|9 37343
|
| 245 |
1 |
0 |
|a Prídavné mená prisvojovacie
|c Belo Letz
|
| 650 |
0 |
7 |
|a slovenčina
|2 snkbucl
|9 1350
|
| 650 |
0 |
7 |
|a prídavné mená
|2 snkbucl
|9 1324
|
| 650 |
0 |
7 |
|a privlastňovacie prídavné mená
|2 snkbucl
|9 100721
|
| 650 |
0 |
7 |
|a prípony
|2 snkbucl
|9 19732
|
| 773 |
0 |
|
|t Slovenská reč
|g Roč. VII, č. 2 (1938/1939), s. 51-60
|
| 850 |
|
|
|a Slovenská národná knižnica
|
| 852 |
|
|
|a Slovenská národná knižnica
|
| 954 |
|
|
|a odborná, vedecká literatúra pôvodná (slovenská)
|2 lita
|
| 958 |
|
|
|a article27
|
| 958 |
|
|
|a OND
|
| 958 |
|
|
|a EUIPO
|
| 999 |
|
|
|c 2955598
|d 2957528
|